01744cam a22003734a 450000100090000000300040000900500170001300800410003001000170007102000340008802000390012203500130016104000180017404200080019205000210020008200160022110000200023724501020025726000450035930000210040433600260042533700280045133800270047944000400050650400530054650504800059965000270107965000200110670000300112690600450115694200120120199900170121395201400123013041636OSt20260213095451.0021226s2003 ilu b 001 0 eng  a 2002156480 a1581344848qtpb. : alk. paper a9781581344844q(tpb. : alk. paper) a13041636 aDLCcDLCdDLC apcc00aBR118b.C47 200300a230/.012211 aClark, David K.10aTo know and love God :bmethod for theology /cDavid K. Clark ; John S. Feinberg, general editor. aWheaton, Ill. :bCrossway Books,cc2003. a464 p. ;c23 cm. atextbtxt2rdacontent aunmediatedbn2rdamedia avolumebnc2rdacarrier 0aFoundations of evangelical theology aIncludes bibliographical references and indexes.0 a1. Concepts of theology -- 2. Scripture and the principle of authority -- 3. Theology in cultural context -- 4. Diverse perspectives and theological knowledge -- 5. Unity in the theological disciplines -- 6. Theology in the academic world -- 7. The spiritual purposes of theology -- 8. Theology and the sciences -- 9. Theology and philosophy -- 10. Christian theology and the world religions -- 11. Reality, truth, and language -- 12. Theological language and spiritual life. 0aTheologyxMethodology. 0aEvangelicalism.1 aFeinberg, John S.,d1946- a7bcbccorignewd1eecipf20gy-gencatlg 2lcccBK c21184d21183 00102lcc70aKABUbKABUcGENd2026-02-13eDonationi2025/3336l0oBR118 .C47 2003 C.1p38569r2026-02-13 09:55:48tC.1w2026-02-13yBK